00346nam a2200133Ia 450000500170000000800410001708200130005810000260007124500270009725000080012426000340013230000120016650000340017820250509040815.0240331s9999 xx 000 0 und d bDISa891 aDissanayake, Wasantha 0aJVP Deshapalanaya gana a2nd aMaradanabHely Graphicsc1991 a50 p ., aAn Inquiry About JVP politics